000 00831nam a2200205 i 4500
001 100222
003 ES-MaACL
005 20230906182631.0
007 t|
008 050923m19201921fr ||||1| fre d
100 1 _aMarty, Paul.
_978566
245 1 0 _aEtudes sur l'Islam et les tribus du Soudan /
_cPaul Marty.
260 _aParis :
_bE. Arrault,
_c1920-1921.
300 _a4 v. ;
_c16 cm.
490 1 _aRevue du Monde Musulman
505 8 _aContiene: T.I: Les kounta de l'est.- Les Berabich.- Les Iguellad.- T.II: La région de Tombouctou.- Islam Songaï.- Dienné, le Macina et dépendances.- T.III: Les tribus maures du Sahel et du Hodh.- T.IV: La région de Kayes.- Le pays Bambara.- Le Sahel de Nioro
830 0 _aRevue du Monde Musulman
_9232423
852 _aES-MaACL
_jC-2362-5
_bR.4489
999 _c100222
_d100222